000 003960000a22001810004500
003 LK-CoMWRAF
005 20230913111644.0
008 230817t1974 ||||| |||| 00| 0 eng d
040 _aLK-CoMWRAF
_dLK-CoMWRAF
_eLK-CoMWRAF
041 _aeng
082 _a956.3
_bLIN
100 _aLings, Martin
245 _aMuhammed
260 _c1974
300 _a23p
650 _aMuhammed
942 _cBK
999 _c1950
_d1950